• 首页
  • 本馆介绍
  • 公告通知
  • 最新文献
  • 馆藏检索
  • 电子资源
  • 读者导购
  • 参考咨询
  • 我的图书馆
  • 登录
  • 详细信息显示
  • 放入我的书架
  • 预约/预借图书
  • 作者相关作品
  • 分类相关作品
  • 丛书相关作品
  • 出版社相关作品

书目信息

  • 表格格式
  • 工作单格式
  • 卡片格式
题名:
三一八运动资料
    
 
作者: 孙敦恒 , 闻海 选编
分册:  
出版信息: 北京   人民出版社  1984
页数: 565页
开本: 19cm
丛书名: 中国现代革命史资料丛刊
单 册:
中图分类: K262.06
科图分类:
主题词: 三·一八惨案--史料
电子资源:
ISBN:
000 00764nam2 2200265 45
001 0184012898
005 20060420150151.12
010    @dCNY1.55
091    @a11001.641
100    @a19950226d1984 em y0chiy0121 ea
101 0  @achi
102    @aCN@b110000
105    @ay z 000yy
200 10 @a三一八运动资料@Asan yi ba yun dong zi liao@f孙敦恒, 闻海选编@Fsun dun heng,wen hai xuan bian
210    @a北京@c人民出版社@d1984
215    @a565页@d19cm
225 2  @a中国现代革命史资料丛刊
410  0 @120010@a中国现代革命史资料丛刊
606    @a三·一八惨案@x史料
690    @aK262.06@v3
701  0 @a孙敦恒@Asun dun heng@4选编
701  0 @a闻海@Awen hai@4选编
801  2 @aCN@bNLC@c20060420
801  0 @aCN@b上海图书馆@c20040105
905    @dK262.06@e14
    
    三一八运动资料/孙敦恒, 闻海选编.-北京:人民出版社,1984
    565页;19cm.-(中国现代革命史资料丛刊)
    
    
    ISBN :CNY1.55
    
●
相关链接 在E读中查询图书 在五车中查询图书 在当当中查询图书 在豆瓣中查询图书


正题名:三一八运动资料     索取号:K262.06/14         预约/预借

序号 登录号 条形码 馆藏地/架位号 状态 备注
1 0113363   001851473   密集书库/ [索取号:K262.06/14] 在馆    
2 0113364   000356233   第二借阅区/ [索取号:K262.06/14] 在馆    
3 0113365   000356242   第二借阅区/ [索取号:K262.06/14] 在馆    
4 0113366   202275974   密集书库/ [索取号:K262.06/14] 在馆    
5 0113367   001856414   密集书库/ [索取号:K262.06/14] 在馆    
唐山师范学院图书馆 欢迎您!
大连网信软件有限公司© 版权所有